Linear algebra (Record no. 170812)

MARC details
000 -LEADER
fixed length control field 00371nam a2200157Ia 4500
008 - FIXED-LENGTH DATA ELEMENTS--GENERAL INFORMATION
fixed length control field 230917s9999||||xx |||||||||||||| ||und||
040 ## - CATALOGING SOURCE
-- 15056
Original cataloging agency VIVEKANANDA LIBRARY
041 ## - Language
-- English
082 ## - DDC NUMBER
Classification number 512.5 G868L
100 ## - MAIN ENTRY--PERSONAL NAME
Personal name Greub, Werner
245 #0 - TITLE STATEMENT
Title Linear algebra
250 ## - EDITION STATEMENT
Edition statement 4th ed.
260 ## - PUBLICATION, DISTRIBUTION, ETC. (IMPRINT)
Place of publication, distribution, etc New york
Name of publisher, distributor, etc Springer-Verlag
Date of publication, distribution, etc 1975
300 ## - PHYSICAL DESCRIPTION
Pages xiii, 451 p.
942 ## - ADDED ENTRY ELEMENTS (KOHA)
Koha item type Books
Holdings
Withdrawn status Lost status Damaged status Not for loan Location (home branch) Sublocation or collection (holding branch) Date acquired Koha issues (times borrowed) Koha full call number Accession No. Koha date last seen Koha item type
        VIVEKANANDA LIBRARY VIVEKANANDA LIBRARY 28/06/2012   512.5 G868L 318729 17/09/2023 Books
        VIVEKANANDA LIBRARY VIVEKANANDA LIBRARY 28/06/2012   512.5 G868L 318730 17/09/2023 Books
        VIVEKANANDA LIBRARY VIVEKANANDA LIBRARY 28/06/2012   512.5 G868L 318731 17/09/2023 Books
        VIVEKANANDA LIBRARY VIVEKANANDA LIBRARY 28/06/2012 1 512.5 G868L 318732 12/12/2023 Books
        VIVEKANANDA LIBRARY VIVEKANANDA LIBRARY 28/06/2012   512.5 G868L 35936 17/09/2023 Books
© Designed and Maintained by Vivekananda Library, MDU Rohtak